000 00730nam a2200229Ii 4500
003 JO-AjNU
008 230605s9999||||xx |||||||||||||| ||und||
017 _a2014/12/5899
020 _a978-9957-00-586-3
040 _aJO-AjNU
_bara
_erda
_cJO-AjNU
041 _aara
050 1 4 _aPJ7561.I43 2018
100 3 _aعباس، احسان,
_eauthor
_962038
245 0 0 _aاتجاهات الشعر العربي المعاصر
250 _aط3
264 3 1 _aعمان:دار الشروق للنشر والتوزيع، 2018
300 _a227ص
336 _atext
_btxt
_2rdacontent
337 _aunmediated
_bn
_2rdamedia
338 _avolume
_bnc
_2rdacarrier
650 4 _aالشعر العربي-العصر الحديث
_962039
999 _aA28072
_c31640
_d31640